00440 a2200145 4500020001500000040001300015082001300028100002200041245004100063260004900104300002100153650004400174710001900218710005700237 a0425103528 aDLCbDLC00a823/.9121 aChristie, Agatha,10aPartners in crime bAgatha Christie. aNew York :bHarper Collins Publishersc1929. a347 p. ;c18 cm. 0aDetective and mystery stories, English.2 aBerkley Books.2 aCopyright Paperback Collection (Library of Congress)